00622nam a2200193Ia 4500008004100000020001800041040001800059041000800077245007700085250001100162260005400173300002100227490002800248501004200276650002600318650002300344650002200367700003900389130821s1994 sp gr spa  a958 04 6967 9 aCo-BoUCMbspa00aspa10aLazarillo de TormescAnónimo ; versión de Conrado González Mejía a2a ed. aBarcelona (España)bGrupo Editorial Normac1994 a69, 34 páginas 0aColección cara y cruz aA propósito de la novela picaresca. aLiteratura española aLiteratura europea aNovela española1 aGonzález Mejía, Conradod1912-